|
|
|
|
| LEADER |
00000cam a2200000 a 4500 |
| 001 |
vtls001127664 |
| 003 |
SK-MaSNL |
| 005 |
20260301062854.0 |
| 008 |
250414s1988 gw 0 ger |
| 020 |
|
|
|a 350672732X
|
| 035 |
|
|
|a SNK000070514
|
| 040 |
|
|
|a SNK
|b slo
|c SNK
|e AACR2
|
| 041 |
0 |
|
|a ger
|
| 044 |
|
|
|a gw
|c DE
|
| 080 |
|
|
|a 830(091)
|2 1981
|
| 100 |
1 |
|
|a Fricke, Gerhard
|4 aut
|9 377759
|
| 245 |
1 |
0 |
|a Geschichte der deutschen Literatur
|c Gerhard Fricke, Mathias Schreiber
|
| 250 |
|
|
|a 20., Aufl.
|
| 260 |
|
|
|a Paderborn
|b Ferdinand Schöningh
|c 1988
|
| 300 |
|
|
|a 446 s.
|c 24 cm
|
| 700 |
1 |
|
|a Schreiber, Mathias
|4 aut
|9 377760
|
| 852 |
|
|
|a Slovenská národná knižnica
|
| 919 |
|
|
|a 3-506-72732-X
|
| 954 |
|
|
|a literatúra nemecká
|
| 958 |
|
|
|a OND
|
| 999 |
|
|
|c 622158
|d 624088
|
| 952 |
|
|
|t P60, <04>, [BOOK], {604}
|a SNK
|b SNK
|y VYP
|7 0
|p 17A0057975
|o snkIC 117707
|0 0
|1 0
|4 0
|d 1997-04-03
|l 0
|r 2005-01-01 00:00:00
|w 2026-02-23
|